Research into Plastic Deformation of Double Reduced Sheets

Analýza vlastností tenkých oceľových plechov, ktoré sa používajú na výrobu obalov. Podrobný metalografický obraz štruktúry materiálu, štruktúra a mechanizmus plastickej deformácie. Nehomogenita plastickej deformácie. Jednoznačný ťahový test. Skúška vydutia.

Gespeichert in:
Bibliographische Detailangaben
1. Verfasser: Spišák, Emil
Weitere Verfasser: Majerníková, Janka, Duľová Spišáková, Emília, 1983-, Kaščák, Ľuboš
Format: Buchkapitel
Sprache:Englisch
Schlagworte:
Tags: Tag hinzufügen
Keine Tags, Fügen Sie das erste Tag hinzu!

MARC

LEADER 00000nla a2200000 4500
001 0246984
005 20240502083659.4
041 0 |a eng 
044 |a CH 
245 1 0 |a Research into Plastic Deformation of Double Reduced Sheets  |c Emil Spišák, Janka Majerníková, Emília Duľová Spišáková, Ľuboš Kaščák 
520 |a Analýza vlastností tenkých oceľových plechov, ktoré sa používajú na výrobu obalov. Podrobný metalografický obraz štruktúry materiálu, štruktúra a mechanizmus plastickej deformácie. Nehomogenita plastickej deformácie. Jednoznačný ťahový test. Skúška vydutia. 
610 2 0 |a priemysel 
610 2 0 |a kovopriemysel 
610 2 0 |a metalurgia 
610 2 0 |a oceliarstvo 
610 2 0 |a kovy 
610 2 0 |a oceľ 
610 2 0 |a materiál 
610 2 0 |a obaly 
610 2 0 |a výroba 
100 1 |a Spišák, Emil 
700 1 |a Majerníková, Janka 
700 1 |a Duľová Spišáková, Emília, 1983- 
700 1 |a Kaščák, Ľuboš